000 00464nam a2200157Ia 4500
008 151213s9999 xx 000 0 und d
020 _a0-671-00716-5
100 _aD.H. Lawrence ( Sandra Gilbert)
245 _aSons and Lovers
_cD.H. Lawrence ( Sandra Gilbert)
260 _aNew York
_bSimon and Schuster
_c1965
300 _a4909 p.
650 _aEnglish Literature
650 _aEnglish Literature
700 _aD.H. Lawrence ( Sandra Gilbert)
999 _c3085
_d3085